000 00250nam a2200109Ia 4500
008 190914s9999||||xx |||||||||||||| ||und||
100 _aHubbard,Jhon
245 0 _aProgramming With C++
260 _aLondon
_bAddision
_c2003
300 _a347
942 _cBK
999 _c8687
_d8687